Name all dsmp members in 5 mins - Statistics

General Stats
  • This quiz has been taken 365 times
  • The average score is 22 of 29
Answer Stats
Answer % Correct
Dream
100%
George
100%
Sapnap
99%
Tommy
98%
Tubbo
96%
Wilbur
94%
Badboyhalo
88%
Ranboo
88%
Niki
87%
Quackity
87%
Techno
85%
Philza
84%
Karl
80%
Skeppy
79%
Fundy
78%
Punz
77%
Ponk
73%
Purpled
70%
Jack
68%
Jschlatt
68%
Puffy
67%
Callahan
64%
Eret
64%
Hannah
64%
Awesamdude
60%
Foolish
60%
Ant
52%
Hbomb
46%
Michael
14%
No matching quizzes found
Score Distribution
Percent of People with Each Score
Percentile by Number Answered
Your Score History
You have not taken this quiz